[Event "Titled Tue 26th Aug Early"]
[Site "chess.com INT"]
[Date "2025.08.26"]
[Round "10"]
[White "Swara Lakshmi S Nair"]
[Black "Sakhayi, Mostafa"]
[Result "0-1"]
[WhiteTitle "WCM"]
[BlackTitle "CM"]
[WhiteElo "2138"]
[BlackElo "2166"]
[WhiteFideId "25629239"]
[BlackFideId "12512532"]
[EventDate "2025.08.26"]

1. e4 e5 2. Nf3 Nc6 3. Bb5 a6 4. Ba4 Nf6 5. O-O Be7 6. Re1 b5 7. Bb3 d6 8. c3
O-O 9. h3 Na5 10. Bc2 c5 11. d4 Qc7 12. Nbd2 Bd7 13. Nf1 Nc4 14. b3 Nb6 15. d5
a5 16. Ng3 c4 17. Bd2 cxb3 18. axb3 a4 19. b4 Nc4 20. Nh4 Nxd2 21. Qxd2 Rfc8 22.
Nhf5 Bf8 23. Qg5 Kh8 24. Re3 Qd8 25. Rf3 Rc4 26. Ra3 Rac8 27. Qh4 g6 28. Nxd6
Bxd6 29. Qxf6+ Qxf6 30. Rxf6 Bxb4 31. cxb4 Rxc2 32. Rxf7 Be8 33. Rb7 Kg8 34. d6
Rd2 35. Ne2 Rxd6 36. Nc3 Rd4 37. Nd5 Bf7 38. Ne7+ Kg7 39. Nxc8 Rxb4 40. Nd6 Kf6
41. Rxf7+ Ke6 42. Rxh7 Kxd6 43. Rb7 Kc5 44. Rc7+ Kd4 45. Kf1 Rc4 46. Rxc4+ Kxc4
47. Ke2 Kb4 48. Rd3 a3 0-1

[Event "Titled Tue 26th Aug Early"]
[Site "chess.com INT"]
[Date "2025.08.26"]
[Round "10"]
[White "Erigaisi, Arjun"]
[Black "Xiong, Jeffery"]
[Result "0-1"]
[WhiteTitle "GM"]
[BlackTitle "GM"]
[WhiteElo "2776"]
[BlackElo "2650"]
[WhiteFideId "35009192"]
[BlackFideId "2047640"]
[EventDate "2025.08.26"]

1. d4 d5 2. Nc3 Nf6 3. Bf4 a6 4. e3 h6 5. h4 c5 6. Nf3 Bg4 7. Be2 Bxf3 8. Bxf3
Nc6 9. Qd2 e6 10. g4 cxd4 11. exd4 Bb4 12. a3 Qa5 13. axb4 Qxa1+ 14. Ke2 Qxb2
15. Rb1 Qxc2 16. Qxc2 Nxd4+ 17. Kd2 Nxc2 18. Kxc2 Rc8 19. Kb3 Rc4 20. Bg3 Nxg4
21. Be2 Rd4 22. Rg1 h5 23. f3 Nh6 24. Bf2 Nf5 25. Bxd4 Nxd4+ 26. Kb2 g6 27. f4
Ke7 28. Bd3 Nf3 29. Rh1 Rc8 30. Rh3 Nd4 31. Ne2 Nc6 32. Kb3 Kd6 33. Re3 b5 34.
Ka3 Rb8 35. Nc3 Nd4 36. Rg3 a5 37. Rg1 axb4+ 38. Kxb4 Nc6+ 39. Kb3 Kc5 40. Rc1
Nd4+ 41. Kb2 Kd6 42. Ra1 Ke7 43. Ra7+ Kf6 44. Rd7 Nf3 45. Kc1 Rc8 46. Kb2 Nxh4
47. Nxb5 Ng2 48. Rxf7+ Kxf7 49. Nd6+ Kf6 50. Nxc8 Nxf4 51. Bf1 g5 52. Kc3 g4 53.
Kd2 g3 54. Ke3 g2 55. Bxg2 Nxg2+ 56. Kf3 Nh4+ 57. Kf4 Ng6+ 0-1

[Event "Titled Tue 26th Aug Early"]
[Site "chess.com INT"]
[Date "2025.08.26"]
[Round "10"]
[White "Gunawardhana, Devindya Oshini"]
[Black "Bodemar, Jonathan"]
[Result "1-0"]
[WhiteTitle "WIM"]
[BlackTitle "CM"]
[WhiteElo "2101"]
[BlackElo "2154"]
[WhiteFideId "29941482"]
[BlackFideId "6205488"]
[EventDate "2025.08.26"]

1. Nf3 Nf6 2. g3 d5 3. d4 Bg4 4. Bg2 c6 5. O-O Nbd7 6. Nbd2 e6 7. c3 Bd6 8. h3
Bf5 9. Nh4 O-O 10. Nxf5 exf5 11. Nf3 Re8 12. Nh4 g6 13. Bg5 Qb6 14. Rb1 Qa6 15.
Bf3 Qxa2 16. Ng2 Ne4 17. Be3 Qa6 18. h4 h5 19. Bf4 Bxf4 20. Nxf4 Qb6 21. e3 Ndf6
22. Kg2 Rac8 23. Be2 c5 24. Bd3 cxd4 25. exd4 Kg7 26. Re1 Qc6 27. Qc2 Ng4 28. f3
Ngf6 29. fxe4 dxe4 30. Be2 Red8 31. Rbd1 a6 32. Rf1 Ne8 33. Nh3 Nd6 34. Qc1 f6
35. Nf4 Re8 36. Qe3 Nf7 37. Kh2 Qd6 38. c4 Nh6 39. c5 Qc7 40. b4 Ng4+ 41. Bxg4
hxg4 42. d5 Qe5 43. d6 g5 44. d7 gxf4 45. gxf4 Qb2+ 46. Rd2 Qxb4 47. dxc8=Q Rxc8
48. Rd7+ Kg6 49. Rc1 a5 50. Qd2 Qb3 51. Rc3 Qb1 52. Kg2 Rh8 53. Rd8 1-0

[Event "Titled Tue 26th Aug Early"]
[Site "chess.com INT"]
[Date "2025.08.26"]
[Round "10"]
[White "Krzywda, Andrzej"]
[Black "Mecit, Emre"]
[Result "1-0"]
[WhiteTitle "CM"]
[WhiteElo "2149"]
[BlackElo "2007"]
[WhiteFideId "1114565"]
[BlackFideId "6304214"]
[EventDate "2025.08.26"]

1. e4 c5 2. Nf3 d6 3. Bb5+ Bd7 4. Bxd7+ Qxd7 5. O-O Nf6 6. Re1 g6 7. c3 Bg7 8.
d4 cxd4 9. cxd4 O-O 10. Nc3 Nc6 11. Bf4 e6 12. h3 Rfc8 13. Qd2 d5 14. e5 Ne8 15.
Bh6 Na5 16. b3 Bxh6 17. Qxh6 Rxc3 18. Ng5 f6 19. exf6 Nxf6 20. Rxe6 Rf8 21. Rae1
Nc6 22. Qh4 Ne4 23. Qg4 Qg7 24. Nxe4 dxe4 25. R1xe4 Rc1+ 26. Kh2 Rxf2 27. d5 Nd8
28. Re7 Rf7 29. Qd7 Rxe7 30. Rxe7 Qf8 31. Re8 Rf1 32. Rxf8+ Rxf8 33. a4 a5 34.
h4 b6 35. Qd6 Nf7 36. Qxb6 Rd8 37. Qxa5 Kg7 38. Qc5 Rd6 39. b4 Rf6 40. b5 Rf4
41. g3 Rxa4 42. b6 Ra2+ 43. Kg1 Ra1+ 44. Kf2 Ra2+ 45. Ke3 Ne5 46. Qe7+ Nf7 47.
b7 Rb2 48. Kd3 h5 49. Kc3 Rb6 50. Qc7 Rb1 51. b8=Q Rc1+ 52. Kd4 Rd1+ 53. Ke3
Rxd5 54. Qbb7 Rf5 55. Qe7 Rf6 56. Qb2 1-0

[Event "Titled Tue 26th Aug Early"]
[Site "chess.com INT"]
[Date "2025.08.26"]
[Round "10"]
[White "Advaitt Srikant Koduri"]
[Black "Galstyan, David"]
[Result "0-1"]
[WhiteTitle "FM"]
[BlackTitle "FM"]
[WhiteElo "2281"]
[BlackElo "2284"]
[WhiteFideId "25185454"]
[BlackFideId "54516196"]
[EventDate "2025.08.26"]

1. d4 b5 2. Nf3 a6 3. Bf4 Bb7 4. e3 Nf6 5. a4 b4 6. a5 e6 7. Nbd2 d6 8. h3 Nbd7
9. Be2 g6 10. O-O Bg7 11. Ra4 Nd5 12. Bh2 O-O 13. e4 Bc6 14. Ra1 Ne7 15. Bd3 f5
16. Qe2 f4 17. Bxa6 d5 18. exd5 Bxd5 19. Bc4 c5 20. Rfe1 Nf6 21. Bxd5 Nexd5 22.
Qxe6+ Kh8 23. dxc5 Rxa5 24. Rxa5 Qxa5 25. Nb3 Qa2 26. Ne5 Qxb2 27. Nf7+ Kg8 28.
Ng5+ Kh8 29. c6 Qxc2 30. Nd4 Qc3 31. Rd1 h6 32. Nf7+ Kh7 33. Nd6 b3 34. Qe1 Qc5
35. Nb7 Qb6 36. Qa5 Qxa5 37. Nxa5 b2 38. Rb1 Rb8 39. Nab3 Ne4 40. Rxb2 Bxd4 41.
Rb1 Bxf2+ 42. Kf1 Rxb3 43. Rxb3 Nd2+ 44. Kxf2 Nxb3 45. Bxf4 Nd4 46. Bd6 Nb5 47.
c7 Nbxc7 48. Bc5 Ne6 49. Bb4 Kg7 50. Bd2 g5 51. Kf3 Kg6 52. Ke4 Ndf4 53. Kf3 Nd3
54. g3 Nec5 0-1

[Event "Titled Tue 26th Aug Early"]
[Site "chess.com INT"]
[Date "2025.08.26"]
[Round "10"]
[White "Feuerstack, Aljoscha"]
[Black "Molaei, Mohammadamin"]
[Result "1/2-1/2"]
[WhiteTitle "IM"]
[BlackTitle "IM"]
[WhiteElo "2449"]
[BlackElo "2325"]
[WhiteFideId "4681932"]
[BlackFideId "12541451"]
[EventDate "2025.08.26"]

1. e4 c5 2. Nf3 g6 3. g3 Nc6 4. Bg2 Bg7 5. O-O Nf6 6. Re1 O-O 7. c3 d5 8. exd5
Nxd5 9. Na3 e5 10. Nc4 Re8 11. d3 b5 12. Bg5 f6 13. Ncxe5 Nxe5 14. Nxe5 fxg5 15.
Nc6 Be6 16. Nxd8 Raxd8 17. Qb3 Nc7 18. Qa3 b4 19. Qxa7 bxc3 20. Qxc7 cxb2 21.
Rad1 Bxa2 22. Re7 Bd4 23. Rxh7 Rf8 24. Kh1 Rb8 25. Be4 b1=Q 26. Rxb1 Rxb1+ 27.
Kg2 Rxf2+ 28. Kh3 Be6+ 29. g4 Rf8 30. Re7 Re1 31. Rxe6 Re3+ 32. Kg2 Re2+ 33. Kg3
Re3+ 34. Kg2 Re2+ 35. Kh3 Re3+ 36. Qg3 Rxg3+ 37. Kxg3 Rf6 38. Rxf6 Bxf6 39. Bxg6
Kg7 40. Bf5 Be5+ 41. Kg2 Kf6 42. h3 Bd4 43. Kf3 Bc3 44. Be4 Bd4 45. Bf5 Ke5 46.
Bg6 Bc3 47. Bh7 Bd4 48. Kg3 Bc3 49. h4 Be1+ 50. Kh3 Bxh4 51. Bf5 Be1 52. Be4 Bc3
53. Bf5 Bd4 54. Bg6 Kf4 55. Bf5 Ke3 56. Kg2 Be5 57. Kf1 Bc3 58. Kg2 Ke2 59. Kg3
Be5+ 60. Kg2 Bf4 61. Be4 Ke3 62. Bf5 Kd4 63. Kf3 Be5 64. Ke2 Bf4 65. Kf3 Be5 66.
Ke2 Bf4 67. Kf3 1/2-1/2

[Event "Titled Tue 26th Aug Early"]
[Site "chess.com INT"]
[Date "2025.08.26"]
[Round "10"]
[White "Khusnitdinova, Husnorakhon"]
[Black "Gonzalez Aguirre, Luis"]
[Result "1-0"]
[WhiteTitle "WCM"]
[BlackTitle "CM"]
[WhiteElo "1804"]
[BlackElo "2015"]
[WhiteFideId "14228106"]
[BlackFideId "2202000"]
[EventDate "2025.08.26"]

1. e4 c6 2. Nf3 d5 3. exd5 cxd5 4. d4 Nf6 5. Nc3 Bg4 6. Bf4 Nc6 7. Be2 e6 8. O-O
Bd6 9. Bxd6 Qxd6 10. Nb5 Qb8 11. Ne5 Bxe2 12. Qxe2 a6 13. Nxc6 bxc6 14. Nc3 Qxb2
15. Qd3 O-O 16. a4 a5 17. Rfb1 Qxb1+ 18. Rxb1 Rfb8 19. Qf1 h6 20. g3 Rb4 21. Ne2
Rxa4 22. c3 Ra2 23. Qd1 Ne4 24. Kf1 Nd6 25. Qb3 Rd2 26. Ke1 a4 27. Qb8+ Rxb8 28.
Rxb8+ Kh7 29. Kxd2 Nc4+ 30. Kc2 a3 31. Ra8 h5 32. Nf4 h4 33. Nd3 h3 34. Ne5 Nd6
35. Rxa3 Ne4 36. Nxc6 Nxf2 37. Ne5 f6 38. Nf3 Ng4 39. Ra6 e5 40. dxe5 fxe5 41.
Ra5 e4 42. Ng1 Nxh2 43. Rxd5 Nf1 44. Rh5+ Kg6 45. Rxh3 Kg5 46. c4 Kg4 47. c5
Ne3+ 48. Kc3 Nd5+ 49. Kd4 Nb4 50. Kxe4 g5 51. Rh7 Kxg3 52. Rb7 Nc6 53. Kd5 Na5
54. c6 Nxc6 55. Kxc6 g4 56. Rb2 Kf4 57. Kd5 g3 58. Kd4 g2 59. Rxg2 Kf5 60. Ne2
Kf6 61. Rg4 Kf5 62. Rg3 Ke6 63. Ke4 Kf6 64. Rg4 Kf7 65. Rg5 Ke7 66. Kf4 Kd7 67.
Re5 Kc6 68. Ke4 Kd6 69. Kd4 Kc6 70. Rd5 Kc7 71. Kc5 Kb7 72. Rd6 Kc7 73. Nd4 Kb7
74. Rc6 Ka7 75. Kb5 Kb7 76. Nc2 Ka7 77. Rb6 Ka8 78. Kc6 Ka7 79. Rb4 Ka8 80. Ra4+
Kb8 81. Rd4 Ka7 82. Rb4 Ka8 83. Kc7 Ka7 84. Ra4# 1-0

[Event "Titled Tue 26th Aug Early"]
[Site "chess.com INT"]
[Date "2025.08.26"]
[Round "10"]
[White "Shevchenko, Yaroslav"]
[Black "Nandish V S"]
[Result "1-0"]
[BlackTitle "CM"]
[WhiteElo "2134"]
[BlackElo "2251"]
[WhiteFideId "34144684"]
[BlackFideId "45084297"]
[EventDate "2025.08.26"]

1. e4 c5 2. Nf3 g6 3. c3 d5 4. e5 Bg4 5. d4 Nc6 6. Bb5 Bg7 7. O-O cxd4 8. cxd4
Rc8 9. Nc3 e6 10. Be3 Ne7 11. h3 Bxf3 12. Qxf3 O-O 13. g4 Qb6 14. Rfd1 a6 15.
Bf1 Qxb2 16. Na4 Qa3 17. Nc5 Nxe5 18. Qg3 Nc4 19. Bxc4 dxc4 20. Nxb7 Nd5 21. Nc5
Rfd8 22. Rac1 Qxa2 23. Ra1 Qe2 24. Re1 Qb2 25. Reb1 Qc3 26. Rc1 Qb2 27. Rcb1 Qc2
28. Rc1 Nxe3 29. Rxc2 Nxc2 30. Ra2 Nxd4 31. Nb7 Rd7 32. Nd6 Rc6 33. Ne4 c3 34.
Qb8+ Bf8 35. Nf6+ Kg7 36. Nxd7 Bd6 37. Qd8 c2 38. Rxc2 Nxc2 39. Qf6+ Kg8 40.
Qd8+ Kg7 41. g5 Nb4 42. Qf6+ Kg8 43. Qd8+ Kg7 44. Nf6 Bf8 45. Qd4 Nc2 46. Qb2 e5
47. Qxe5 Re6 48. Qc3 Be7 49. Nd7+ Kg8 50. Qc8+ Kg7 51. Qc3+ Kg8 52. Qxc2 Bxg5
53. Qc8+ Kg7 54. Qf8# 1-0

[Event "Titled Tue 26th Aug Early"]
[Site "chess.com INT"]
[Date "2025.08.26"]
[Round "10"]
[White "Omariev, Maksim"]
[Black "Simonovic, Miroslav"]
[Result "0-1"]
[WhiteTitle "FM"]
[BlackTitle "CM"]
[WhiteElo "2304"]
[BlackElo "2092"]
[WhiteFideId "4193423"]
[BlackFideId "919152"]
[EventDate "2025.08.26"]

1. a3 g6 2. b3 Bg7 3. c3 a6 4. d3 b5 5. e3 Bb7 6. f3 d6 7. g3 e5 8. h3 Ne7 9.
Bg2 c5 10. Ne2 f5 11. Bb2 Qd7 12. Nd2 Nbc6 13. Qc2 d5 14. Kf2 O-O 15. h4 Rad8
16. h5 g5 17. h6 Bf6 18. Rh5 d4 19. cxd4 cxd4 20. e4 f4 21. Bh3 Qd6 22. b4 Bc8
23. Nb3 fxg3+ 24. Nxg3 g4 25. Bxg4 Bxg4 26. fxg4 Bg5+ 27. Nf5 Be3+ 28. Kg3 Qg6
29. Nc5 Kh8 30. Rf1 Rg8 31. Qe2 Qxh5 32. Ne6 Nxf5+ 33. Rxf5 Qg6 34. Nxd8 Rxd8
35. Qf3 Bxh6 36. Rf6 Bf4+ 37. Rxf4 exf4+ 38. Qxf4 Qd6 39. Bc1 Qxf4+ 40. Bxf4 Kg8
41. Bc7 Re8 42. Kf4 Rf8+ 43. Kg5 Rf3 44. e5 Rxd3 45. e6 Re3 46. Kf6 d3 47. Bf4
Re2 48. a4 bxa4 49. b5 axb5 50. g5 a3 51. g6 hxg6 52. Bd2 Rxe6+ 53. Kxe6 a2 54.
Bc3 b4 55. Bb2 d2 56. Kf6 d1=Q 57. Kxg6 a1=Q 58. Bc1 Qdxc1 59. Kh5 Qg1 60. Kh4
Qb2 61. Kh5 Qbh2# 0-1

[Event "Titled Tue 26th Aug Early"]
[Site "chess.com INT"]
[Date "2025.08.26"]
[Round "10"]
[White "Kosakowski, Jakub"]
[Black "Rahman, Masruri"]
[Result "0-1"]
[WhiteTitle "GM"]
[BlackTitle "IM"]
[WhiteElo "2542"]
[BlackElo "2407"]
[WhiteFideId "1185080"]
[BlackFideId "7101163"]
[EventDate "2025.08.26"]

1. e4 e6 2. d4 d5 3. Nd2 c5 4. Ngf3 cxd4 5. exd5 Qxd5 6. Bc4 Qd6 7. O-O Nf6 8.
Nb3 Nc6 9. Nbxd4 Nxd4 10. Nxd4 Bd7 11. Re1 Qc7 12. Bf1 O-O-O 13. Qf3 Bd6 14. h3
Kb8 15. c3 a6 16. Bg5 Bh2+ 17. Kh1 Bd6 18. Rad1 e5 19. Bxf6 gxf6 20. Nf5 Bc5 21.
Ng3 Qb6 22. Ne4 Bc6 23. b3 Rxd1 24. Rxd1 Bxe4 25. Qxe4 Bxf2 26. Rd7 Rd8 27.
Rxd8+ Qxd8 28. Qxh7 Qd1 29. Qd3 Qc1 30. Qe2 Bg3 31. Qf3 Bf4 32. h4 Qe1 33. h5
Qh4+ 34. Qh3 Qxh3+ 35. gxh3 Kc7 36. Bd3 Kd6 37. Kg2 Kd5 38. Kf3 Bd2 39. Be4+ Ke6
40. Bxb7 a5 41. Bc8+ Kd5 42. c4+ Kd4 43. Ke2 Bh6 44. Bf5 e4 45. a3 e3 46. Bd3
Kc5 47. Be4 Kd4 48. Bd5 Kc5 49. Bxf7 f5 50. Be6 f4 51. Bd5 Bf8 52. h4 Kd4 53. b4
axb4 54. axb4 Bxb4 55. h6 Bf8 56. h7 Bg7 57. h5 Bh8 58. Be6 Ke5 59. Bf7 Kd6 60.
Bd5 Ke5 61. Kf3 Kd4 62. Be6 Kd3 63. Bh3 e2 0-1

[Event "Titled Tue 26th Aug Early"]
[Site "chess.com INT"]
[Date "2025.08.26"]
[Round "10"]
[White "Ono, David"]
[Black "Salasan, Haran"]
[Result "1-0"]
[BlackTitle "CM"]
[WhiteElo "2110"]
[BlackElo "2059"]
[WhiteFideId "146943"]
[BlackFideId "3221253"]
[EventDate "2025.08.26"]

1. c4 c6 2. Nf3 d5 3. g3 Nf6 4. Bg2 dxc4 5. O-O Nbd7 6. a4 e6 7. Qc2 Be7 8. Na3
O-O 9. Nxc4 Nb6 10. b3 Nxc4 11. bxc4 c5 12. a5 Rb8 13. Bb2 b6 14. axb6 axb6 15.
Rfb1 Bb7 16. d3 Ng4 17. h3 Nh6 18. Ra7 Nf5 19. g4 Bxf3 20. Bxf3 Nd4 21. Bxd4
cxd4 22. Rb5 Bc5 23. Qd2 Qh4 24. Qf4 Qxh3 25. e3 dxe3 26. fxe3 Bd6 27. Qe4 Bh2+
28. Kf2 Bg3+ 29. Ke2 Qh2+ 30. Bg2 f5 31. Qxe6+ Kh8 32. Rxf5 Qxg2+ 33. Kd1 Qg1+
34. Kc2 Qg2+ 35. Kb3 Rxf5 36. gxf5 Rg8 37. f6 Bh4 38. f7 Rf8 39. Qxb6 Qg6 40.
Qxg6 hxg6 41. e4 Kh7 42. e5 g5 43. e6 g4 44. Ra2 g3 45. d4 Kg6 46. d5 Kf5 47. c5
Ke4 48. Kc4 Kf3 49. d6 g2 50. Rxg2 Kxg2 51. e7 Bxe7 52. dxe7 Rxf7 53. e8=Q Rf4+
54. Kd5 g5 55. Qa8 g4 56. Ke5+ Rf3 57. c6 g3 58. c7 Kf2 59. c8=Q Re3+ 60. Kf4 g2
61. Qc2+ Re2 62. Qxe2+ Kxe2 63. Qxg2+ Ke1 64. Ke3 Kd1 65. Qd2# 1-0

[Event "Titled Tue 26th Aug Early"]
[Site "chess.com INT"]
[Date "2025.08.26"]
[Round "10"]
[White "Sai, Han Thiha"]
[Black "Smietanska, Wiktoria"]
[Result "0-1"]
[WhiteTitle "FM"]
[BlackTitle "CM"]
[WhiteElo "2117"]
[BlackElo "2237"]
[WhiteFideId "13012290"]
[BlackFideId "21869359"]
[EventDate "2025.08.26"]

1. Nf3 d5 2. g3 g6 3. Bg2 Bg7 4. O-O Nf6 5. b3 O-O 6. Bb2 c5 7. c4 d4 8. b4 Nc6
9. b5 Nb8 10. e3 dxe3 11. dxe3 Bg4 12. h3 Bf5 13. Ne5 Qc7 14. g4 Be4 15. f3 Rd8
16. Qc1 Bxb1 17. Rxb1 Nbd7 18. f4 e6 19. Qc2 Nxe5 20. Bxe5 Qe7 21. Rbd1 Rac8 22.
a4 Nd7 23. Bxg7 Kxg7 24. g5 Rb8 25. Qc3+ f6 26. Rd3 Kf7 27. a5 f5 28. Rfd1 e5
29. Kh1 e4 30. Rd5 Nf8 31. Bf1 Ne6 32. Qe5 Rbc8 33. h4 Nc7 34. Qxe7+ Kxe7 35.
Rxd8 Rxd8 36. Rxd8 Kxd8 37. h5 a6 38. b6 Ne8 39. h6 Nd6 40. Be2 Ke7 41. Kg2 Nc8
42. Kf2 Kf7 43. Ke1 Ne7 44. Kd2 Nc6 45. Kc3 Nxa5 46. Bd1 Nc6 47. Ba4 Ne7 48. Bd7
Ng8 49. Bc8 Ne7 50. Bxb7 Ke8 51. Bxa6 Kd8 52. Bb5 Kc8 53. Ba6+ Kd7 54. Bb7 Kd6
55. Kb3 Nc6 56. Ka4 Nd8 57. Ba8 Kd7 58. Kb5 Kd6 0-1

[Event "Titled Tue 26th Aug Early"]
[Site "chess.com INT"]
[Date "2025.08.26"]
[Round "10"]
[White "Brilej, Jaka"]
[Black "Gomes, Luiz Alexandre de Souza"]
[Result "1-0"]
[WhiteTitle "FM"]
[BlackTitle "FM"]
[WhiteElo "2334"]
[BlackElo "2254"]
[WhiteFideId "14618818"]
[BlackFideId "2102790"]
[EventDate "2025.08.26"]

1. c4 e6 2. g3 d5 3. Bg2 Nf6 4. Nf3 Be7 5. O-O O-O 6. b3 b6 7. cxd5 exd5 8. d4
Bb7 9. Nc3 c5 10. Bg5 Nbd7 11. Rc1 h6 12. Bxf6 Nxf6 13. e3 Re8 14. dxc5 bxc5 15.
Na4 Rc8 16. Qd3 Bf8 17. Rfd1 Qe7 18. Qb5 Red8 19. Nxc5 Rxc5 20. Rxc5 Qxc5 21.
Qxb7 Qc2 22. Rd2 Qc1+ 23. Bf1 Ne4 24. Rxd5 Rxd5 25. Qxd5 Qc2 26. Be2 Nxg3 27.
hxg3 Qxe2 28. Ne5 Bb4 29. Qxf7+ Kh7 30. Qg6+ Kg8 31. Qe6+ Kh7 32. Qf5+ Kg8 33.
Kg2 Qxa2 34. Qe6+ Kh7 35. Nc6 Be1 36. Qf5+ Kg8 37. Nd4 Qb2 38. Qc8+ Kh7 39. Qc2+
Qxc2 40. Nxc2 Bc3 41. Kf3 Kg6 42. Ke4 Kf6 43. g4 g6 44. Nd4 h5 45. gxh5 gxh5 46.
Nf5 a5 47. f4 Be1 48. Nd4 Bb4 49. Nf3 Be7 50. Nd4 Bb4 51. Kf3 Bd2 52. e4 Bc3 53.
e5+ Ke7 54. Nf5+ Kf7 55. Ke4 Be1 56. Kf3 Kg6 57. Ne3 Bd2 58. Ng2 Kf5 59. Nh4+
Ke6 60. Ke4 Bc3 61. f5+ Kf7 62. Nf3 Ke7 63. Ng5 h4 64. f6+ Kf8 65. Kf5 1-0

[Event "Titled Tue 26th Aug Early"]
[Site "chess.com INT"]
[Date "2025.08.26"]
[Round "10"]
[White "Hajialiyev, Islam"]
[Black "Schnaider, Ilan"]
[Result "0-1"]
[WhiteTitle "CM"]
[BlackTitle "IM"]
[WhiteElo "2138"]
[BlackElo "2386"]
[WhiteFideId "13442724"]
[BlackFideId "169013"]
[EventDate "2025.08.26"]

1. Nf3 Nf6 2. g3 d5 3. Bg2 Bf5 4. d4 e6 5. O-O h6 6. c4 c6 7. Nc3 Nbd7 8. Qb3
Qb6 9. c5 Qa6 10. Nd2 e5 11. e4 exd4 12. exf5 dxc3 13. Re1+ Kd8 14. Qxc3 Bxc5
15. Nb3 Qb6 16. Nxc5 Qxc5 17. Qb3 Qb6 18. Qc2 Re8 19. Bf4 Qb4 20. Rxe8+ Kxe8 21.
a3 Qe7 22. Qc3 Kf8 23. Re1 Qd8 24. h3 Kg8 25. g4 Nb6 26. Qd4 Ne4 27. Bxe4 dxe4
28. Qxe4 Nd5 29. Bg3 Qa5 30. Kh2 Rd8 31. Bh4 Rc8 32. f6 g5 33. Bg3 Nxf6 34. Qe7
Re8 35. Qxf6 Qxe1 36. Qxh6 Qe7 37. Bd6 Qd8 38. Bb4 Qc7+ 39. Kg1 Qd7 40. Qxg5+
Kh7 41. Qh5+ Kg8 42. Qg5+ Kh7 43. Bc3 Qd1+ 44. Kh2 Qd6+ 45. f4 Qg6 46. Qh4+ Qh6
47. Qf2 Qe6 48. Qh4+ Qh6 49. Qf2 Kg8 50. Be5 f6 51. Bc3 Qg6 52. f5 Qg5 53. Bd4
Rd8 54. Kg3 Qg7 55. h4 Re8 56. g5 Qc7+ 57. Kg4 Re4+ 58. Kh3 fxg5 59. hxg5 Qh7+
60. Kg2 Rg4+ 61. Kf1 Qh1+ 62. Ke2 Rg2 0-1

[Event "Titled Tue 26th Aug Early"]
[Site "chess.com INT"]
[Date "2025.08.26"]
[Round "10"]
[White "Karunasena, A P Chenitha Sihas Dinsara"]
[Black "Ejsymont, Blanka"]
[Result "1-0"]
[WhiteTitle "CM"]
[BlackTitle "WCM"]
[WhiteElo "2026"]
[BlackElo "2071"]
[WhiteFideId "29982596"]
[BlackFideId "21088268"]
[EventDate "2025.08.26"]

1. e4 c5 2. Nf3 Nc6 3. c4 g6 4. d4 cxd4 5. Nxd4 Nf6 6. Nc3 Bg7 7. Be3 O-O 8. Be2
d6 9. f3 Bd7 10. O-O Rc8 11. Qd2 Ne5 12. b3 Qa5 13. a3 a6 14. Rfc1 h5 15. b4 Qd8
16. Nd1 b6 17. Nb2 a5 18. Nb3 a4 19. Nd4 Nc6 20. Nb5 Ne5 21. Nxa4 Nxc4 22. Rxc4
Bxb5 23. Rxc8 Qxc8 24. Bxb5 Nxe4 25. fxe4 Bxa1 26. Nxb6 Qb7 27. Qd5 Qxd5 28.
exd5 Rb8 29. a4 Bc3 30. a5 Bxb4 31. a6 e5 32. a7 Rf8 33. a8=Q Rxa8 34. Nxa8 f5
35. Bd3 Kf7 36. Nc7 f4 37. Bf2 g5 38. Ne6 g4 39. Be4 Kf6 40. Bh4+ Kf7 41. Kf1
Ke8 42. h3 Kd7 43. Bg6 gxh3 44. gxh3 Bd2 45. Bxh5 e4 46. Bg4 Ke8 47. Ke2 Bc1 48.
Ng7+ Kf7 49. Nf5 f3+ 50. Kf2 Bf4 51. Ng3 Bxg3+ 52. Bxg3 Ke7 53. Ke3 Kf6 54. Kxe4
Kg5 55. Bxf3 Kh6 56. Bxd6 Kg6 57. Bg4 Kh6 58. Bd7 Kg6 59. Be7 Kh6 60. d6 Kg6 61.
Ba4 Kh6 62. d7 Kh5 63. d8=Q Kh6 64. Qf8+ Kg6 65. Be8+ Kh7 66. Qf7+ Kh8 67. Bf6# 1-0

[Event "Titled Tue 26th Aug Early"]
[Site "chess.com INT"]
[Date "2025.08.26"]
[Round "10"]
[White "Rustemov, Alexander"]
[Black "Materia, Marco"]
[Result "0-1"]
[WhiteTitle "GM"]
[BlackTitle "IM"]
[WhiteElo "2525"]
[BlackElo "2500"]
[WhiteFideId "4119002"]
[BlackFideId "45150451"]
[EventDate "2025.08.26"]

1. d4 Nf6 2. c4 e6 3. Nf3 d5 4. cxd5 exd5 5. Nc3 c6 6. Bf4 Bf5 7. e3 Bd6 8. Bxd6
Qxd6 9. Nh4 Bg4 10. Qc2 O-O 11. Bd3 Re8 12. O-O Nbd7 13. h3 Bh5 14. Rab1 Nf8 15.
b4 a6 16. a4 Bg6 17. Nxg6 hxg6 18. Rfc1 Ne6 19. b5 axb5 20. axb5 c5 21. dxc5
Qxc5 22. Qd2 d4 23. exd4 Qxd4 24. Rd1 Red8 25. Qb2 Rac8 26. Ne2 Qxb2 27. Rxb2
Rd5 28. Rbd2 Rcd8 29. Nc3 R5d6 30. Nb1 Ne8 31. Bc4 Rxd2 32. Rxd2 Rc8 33. Bxe6
Rc1+ 34. Kh2 fxe6 35. Na3 Rc3 36. Nc2 Nc7 37. Nd4 e5 38. Nf3 Nxb5 39. Nxe5 g5
40. Rd8+ Kh7 41. Rd5 Nc7 42. Rd7 b5 43. Nf3 Kg6 44. Rd6+ Kf5 45. Rb6 Rc4 46. g4+
Kf4 47. Kg2 b4 48. Rb7 g6 49. Nd2 Rd4 50. Nb3 Rc4 51. Na5 Rc2 52. Rxb4+ Ke5 53.
Nc4+ Kf6 54. Ne3 Rc5 55. Rb6+ Ne6 56. Kg3 Rc1 57. h4 gxh4+ 58. Kxh4 g5+ 59. Kg3
Ke5 60. Kf3 Nd4+ 61. Kg2 Ne6 62. Rb5+ Ke4 63. Rf5 Ra1 64. Nc4 Nf4+ 65. Kh2 Kf3
66. Ne5+ Kxf2 67. Nd3+ Ke3 68. Nxf4 gxf4 69. g5 f3 70. Kh3 f2 71. Kh4 f1=Q 72.
Rxf1 Rxf1 73. g6 Kf4 0-1

[Event "Titled Tue 26th Aug Early"]
[Site "chess.com INT"]
[Date "2025.08.26"]
[Round "10"]
[White "Waldhausen Gordon, Frederick"]
[Black "Shandrygin, Nikita"]
[Result "1/2-1/2"]
[WhiteTitle "FM"]
[BlackTitle "FM"]
[WhiteElo "2393"]
[BlackElo "2209"]
[WhiteFideId "2409143"]
[BlackFideId "24198668"]
[EventDate "2025.08.26"]

1. e4 c5 2. Nf3 e6 3. b3 Nf6 4. Qe2 Nc6 5. Bb2 d5 6. exd5 Nxd5 7. g3 f6 8. Bh3
e5 9. Bxc8 Rxc8 10. Nh4 g6 11. f4 Bg7 12. fxe5 O-O 13. O-O fxe5 14. Nc3 Nxc3 15.
Bxc3 Qd5 16. Qc4 Qxc4 17. bxc4 e4 18. Bxg7 Kxg7 19. Rxf8 Rxf8 20. Re1 Rd8 21.
Re2 Rd4 22. Ng2 Rxc4 23. c3 Ra4 24. Nf4 Kf6 25. d3 exd3 26. Nxd3 b6 27. Kf1 Rc4
28. Nf4 Kf5 29. Nd5 Ra4 30. h3 Ne5 31. Kg2 Ke6 32. Nc7+ Kd6 33. Nb5+ Kd5 34.
Nc7+ Kc6 35. Ne8 Nd3 36. Nf6 Nc1 37. Re6+ Kb5 38. Nxh7 Rxa2+ 39. Kf3 Rc2 40.
Rxg6 Rxc3+ 41. Ke4 Ne2 42. h4 Rxg3 43. Rxg3 Nxg3+ 44. Kf4 a5 45. Nf6 a4 46. Kxg3
a3 47. Nd5 Kc4 48. Nxb6+ Kb3 49. Nd7 a2 50. Nxc5+ Kc4 51. Ne4 a1=Q 52. Ng5 Qa3+
53. Kf4 Kd4 54. h5 Qe3+ 55. Kf5 Qe5+ 56. Kg6 Qd6+ 57. Kf5 Qd7+ 58. Kf6 Qd8+ 59.
Kf5 Qf8+ 60. Kg6 Qe8+ 61. Nf7 Kd5 62. Kf6 Qe6+ 63. Kg7 Qe7 64. Kg6 Ke6 65. Ng5+
Ke5 66. Nf7+ Kf4 67. h6 Qe6+ 68. Kg7 Qg4+ 69. Kf6 Qh5 70. Kg7 Qg4+ 71. Kf6 Qf5+
72. Kg7 Qg4+ 1/2-1/2